Istoria della letteratura greca / (Record no. 160342)

MARC details
000 -LEADER
campo de control de longitud fija 00884nam a22002055i 4500
001 - NÚMERO DE CONTROL
campo de control 160342
003 - IDENTIFICADOR DE NÚMERO DE CONTROL
campo de control ES-MaACL
005 - FECHA Y HORA DE LA ÚLTIMA TRANSACCIÓN
campo de control 20250602063236.0
008 - DATOS DE LONGITUD FIJA--INFORMACIÓN GENERAL
campo de control de longitud fija 040922m18581859it |||| | ita d
040 ## - FUENTE DE CATALOGACIÓN
Centro catalogador/agencia de origen CAM
Lengua de catalogación spa
Centro/agencia transcriptor CAM
100 1# - ENTRADA PRINCIPAL--NOMBRE DE PERSONA
Nombre de persona Müller, Karl Otfried,
Fechas asociadas al nombre 1797-1840
9 (RLIN) 130370
245 10 - MENCIÓN DEL TÍTULO
Título Istoria della letteratura greca /
Mención de responsabilidad, etc. di Carlo Ottofredo Müller. Prima traduzione dall'originale tedesco, preceduta da un proemio sulle condizioni della filologia e sulla vita e le opere dell'autore per Giuseppe Müller ed Eugenio Ferrai.
260 ## - PUBLICACIÓN, DISTRIBUCIÓN, ETC.
Lugar de publicación, distribución, etc. Firenze :
Nombre del editor, distribuidor, etc. Felice Le Monnier,
Fecha de publicación, distribución, etc. 1858-1859.
300 ## - DESCRIPCIÓN FÍSICA
Extensión 2 v. (LXIV, 451, [2] ; 431, [1] p.) ;
Dimensiones 19 cm.
650 04 - PUNTO DE ACCESO ADICIONAL DE MATERIA--TÉRMINO DE MATERIA
Término de materia o nombre geográfico como elemento de entrada Literatura griega-
Subdivisión general Historia y crítica.
9 (RLIN) 14599
700 1# - ENTRADA AGREGADA--NOMBRE PERSONAL
Nombre de persona Müller, Joseph.
9 (RLIN) 130369
700 1# - ENTRADA AGREGADA--NOMBRE PERSONAL
Nombre de persona Ferrai, Eugenio.
9 (RLIN) 127060
852 ## - LOCALIZACIÓN
Ubicación ES-MaACL
Número de control de estantería G-15630-31
Nota libre -- Enc. hol.
Holdings
Estatus retirado Estado de pérdida Estado de daño No para préstamo Colección Biblioteca de origen Biblioteca actual Ubicación en estantería Fecha de adquisición Total de préstamos Signatura topográfica completa Código de barras Visto por última vez Precio de reemplazo Tipo de ítem Koha
        Libros del s. XIX Biblioteca del Ateneo de Madrid Biblioteca del Ateneo de Madrid Sala Pecera Planta 3 17/01/2008   G-15630-31 1167890 23/02/2023 23/02/2023 Libro impreso antiguo